000 00241nam a22001097a 4500
082 _a297.124 SUB'A
100 _aSUBEE SALEH, DR
_974632
245 _aAALOOM-UL-HAYDIBE
260 _aFAISAL ABAD
_bMALIK
_c1981
300 _a517P
942 _cBK
999 _c580144
_d580144